Doprava a životné prostredie vo zvolenej lokalite okresu Dunajská Streda

Na minha lista:
Detalhes bibliográficos
Autor principal: Minárik, Tomáš (Author)
Outros Autores: Cápayová, Silvia (Thesis advisor)
Formato: Manuscrito Livro
Idioma:eslovaco
Publicado em: 2017
Assuntos:
Acesso em linha:http://is.stuba.sk/zp/portal_zp.pl?podrobnosti=124210
https://opac.crzp.sk/?fn=detailBiblioForm&sid=18225BB4525340AB7F5361F3993B
Tags: Adicionar Tag
Sem tags, seja o primeiro a adicionar uma tag!

MARC

LEADER 00000ntm a22000003a 4500
001 stuzp62466
003 SK-STU
005 20230607114222.2
007 ta
008 150427s2015----xo-----f-mn---000-0-slo-d
040 |a STU  |b slo 
041 0 |a slo 
100 1 |a Minárik, Tomáš  |u 010120  |4 aut  |U SvF Stavebná fakulta  |T SvF Katedra dopravných stavieb  |X 62822  |U V120  |Y 12  |7 62822 
242 0 1 |a Traffic and Environment in Selected Locality within the District of Dunajská Streda  |y eng 
245 1 0 |a Doprava a životné prostredie vo zvolenej lokalite okresu Dunajská Streda 
260 |c 2017 
650 4 |a doprava  |2 slo 
650 4 |a hluk  |2 slo 
650 4 |a životné prostredie  |2 slo 
650 4 |a protihlukové opatrenia  |2 slo 
650 4 |a traffic  |2 eng 
650 4 |a noise  |2 eng 
650 4 |a environment  |2 eng 
650 4 |a anti-noise measures  |2 eng 
700 1 |a Cápayová, Silvia  |u 010120  |k Z2  |4 ths  |U SvF Stavebná fakulta  |T SvF Katedra dopravných stavieb  |X 24755  |U V120  |Y 12  |7 A000024755 
856 4 |u http://is.stuba.sk/zp/portal_zp.pl?podrobnosti=124210 
856 4 |u https://opac.crzp.sk/?fn=detailBiblioForm&sid=18225BB4525340AB7F5361F3993B